Welcome to the Holygrace Academy Library

Please use search bar below to get started

GUNAPADA KATHAKAL (Record no. 1590)

MARC details
000 -LEADER
fixed length control field 00265nam a22001217a 4500
082 ## - DEWEY DECIMAL CLASSIFICATION NUMBER
Classification number 894.812
100 ## - MAIN ENTRY--AUTHOR NAME
Personal name SREERAM
245 ## - TITLE STATEMENT
Title GUNAPADA KATHAKAL
260 ## - PUBLICATION, DISTRIBUTION, ETC. (IMPRINT)
Place of publication MADURAI
Name of publisher SRI RAM PUBLICATIONS
300 ## - PHYSICAL DESCRIPTION
Number of Pages 17
650 ## - SUBJECT ADDED ENTRY--TOPICAL TERM
Topical Term MALAYALAM SHORT STORY
Geographic subdivision KERALA
942 ## - ADDED ENTRY ELEMENTS (KOHA)
Koha item type Books
Holdings
Withdrawn status Lost status Collection code Home library Current library Shelving location Date acquired Source of acquisition Cost, normal purchase price Full call number Accession Number Koha item type
    Fiction Main Library Main Library SHELF-6D- MALAYALAM SHORT STORIES 13/05/2010 PURCHASE 15.00 894.812 04964 Books
    Fiction Main Library Main Library SHELF-6C MALAYALAM SHORT STORIES 15/05/2009 PURCHASE 12.00 894.812 04073 Books